D C Duttas Textbook of Obstetrics (Record no. 135977)

MARC details
000 -LEADER
fixed length control field 00411nam a2200157Ia 4500
008 - FIXED-LENGTH DATA ELEMENTS--GENERAL INFORMATION
fixed length control field 230314s9999 xx 000 0 und d
020 ## - INTERNATIONAL STANDARD BOOK NUMBER
International Standard Book Number 81-7381-142-3
041 ## - LANGUAGE CODE
Language code of text/sound track or separate title eng
082 ## - DEWEY DECIMAL CLASSIFICATION NUMBER
Classification number OG/618.2/DUT/B00712
100 ## - MAIN ENTRY--PERSONAL NAME
Personal name Dutta D C
9 (RLIN) 176719
245 ## - TITLE STATEMENT
Title D C Duttas Textbook of Obstetrics
260 ## - PUBLICATION, DISTRIBUTION, ETC. (IMPRINT)
Name of publisher, distributor, etc. New Central Book Agency
Place of publication, distribution, etc. New Delhi
Date of publication, distribution, etc. 2011
300 ## - PHYSICAL DESCRIPTION
Extent 688p
906 ## - LOCAL DATA ELEMENT F, LDF (RLIN)
b GNM
Holdings
Withdrawn status Lost status Damaged status Not for loan Collection code Home library Current library Date acquired Vendor Cost, normal purchase price Bill number Total Checkouts Total Renewals Full call number Barcode Date last seen Date last checked out Cost, replacement price Bill Date Koha item type Original Barcode Checked out
        Gynecology Smt. Bakul Tambat Institute of Nursing Education Smt. Bakul Tambat Institute of Nursing Education 21/11/2003 B.J.Medical Co-oprative College Stores 525.00 2892 19 15 OG 618.2 DUT B01651 BTIN-BK-1651 05/12/2025 01/12/2025 367.00 21/12/2010 Books B01651  
        Gynecology Smt. Bakul Tambat Institute of Nursing Education Smt. Bakul Tambat Institute of Nursing Education 05/09/2007 B.J.Medical Co-oprative College Stores 640.00 2892 4 1 OG 618.2 DUT B04159 BTIN-BK-4159 15/12/2025 08/12/2025 442.00 21/12/2010 Books B04159  
        Gynecology Smt. Bakul Tambat Institute of Nursing Education Smt. Bakul Tambat Institute of Nursing Education 09/04/2009 B.J.Medical Co-oprative College Stores 640.00 2892 22 20 OG 618.2 DUT B05698 BTIN-BK-5698 27/02/2026 27/02/2026 448.00 21/12/2010 Books B05698 09/04/2026